Privátne bankovníctvo na Slovensku bakalárska práca

Na minha lista:
Detalhes bibliográficos
Autor principal: Poliaková, Daniela
Autor Corporativo: Národohospodárska fakulta EU. Katedra bankovníctva a medzinárodných financií
Outros Autores: Šimko, Martin
Formato: Livro
Idioma:eslovaco
Publicado em: Bratislava 2010
Tags: Adicionar Tag
Sem tags, seja o primeiro a adicionar uma tag!

MARC

LEADER 00000nbm a2200000 4500
001 0132924
005 20161109111454.3
041 0 |a slo 
044 |a SK 
245 1 0 |a Privátne bankovníctvo na Slovensku  |b bakalárska práca  |c Daniela Poliaková ; školiteľ: Martin Šimko 
264 1 |a Bratislava  |c 2010 
300 |a 41 s. 
100 1 |a Poliaková, Daniela 
700 1 |a Šimko, Martin 
710 2 |a Národohospodárska fakulta EU. Katedra bankovníctva a medzinárodných financií